The winged sword /

Saved in:
Bibliographic Details
Main Author: White, Leslie Turner, 1903-
Format: Book
Language:English
Published: London : Sydney : Shakespeare Head, 1956.
LEADER 00745nam a2200205 a 4500
001 c000088004
003 CARM
005 00000000000000.0
008 921222s1956 enk 00011 eng d
019 1 |a 9677172  |5 LACONCORD2021 
035 |a (OCoLC)221742614  |5 LACONCORD2021 
040 |a VLINC  |c VLINC 
100 1 |a White, Leslie Turner,  |d 1903- 
245 1 4 |a The winged sword /  |c Leslie Turner White. 
260 |a London :  |a Sydney :  |b Shakespeare Head,  |c 1956. 
300 |a 254 p. ;  |c 20 cm. 
852 8 |b CARM  |h A2:AH31G0  |i A01617  |p 0129195  |f BK 
082 0 4 |a 823.914  |2 20 
999 f f |i 7dc6f77f-c60e-5c81-8b4f-7216b9f420bd  |s 29b1678b-e550-578d-acd5-c3d3ef1256eb 
952 f f |p Can circulate  |a CAVAL  |b CAVAL  |c CAVAL  |d CARM 1 Store  |e A01617  |f A2:AH31G0  |h Other scheme  |i book  |m 0129195